| 000 | 01284cam a22003494a 4500 | ||
|---|---|---|---|
| 001 | 15032108 | ||
| 003 | OSt | ||
| 005 | 20251211141628.0 | ||
| 008 | 071003s2008 ilu b 000 0 eng | ||
| 010 | _a 2007041082 | ||
| 020 |
_a9781581348248 _qtpb |
||
| 035 | _a15032108 | ||
| 040 |
_aDLC _beng _cDLC _dDLC |
||
| 050 | 0 | 0 |
_aBS680.W78 _bK38 2008 |
| 082 | 0 | 0 |
_a264 _222 |
| 100 | 1 | _aKauflin, Bob. | |
| 245 | 1 | 0 |
_aWorship matters : _bleading others to encounter the greatness of God / _cBob Kauflin. |
| 260 |
_aWheaton, Ill. : _bCrossway Books, _cc2008. |
||
| 300 |
_a303 p. ; _c23 cm. |
||
| 336 |
_atext _btxt _2rdacontent |
||
| 337 |
_aunmediated _bn _2rdamedia |
||
| 338 |
_avolume _bnc _2rdacarrier |
||
| 504 | _aIncludes bibliographical references (p. 261-265). | ||
| 505 | 0 | _aWhat matters -- Your task -- Healthy tensions -- Right relationships. | |
| 650 | 0 |
_aGod _xWorship and love _xBiblical teaching. |
|
| 650 | 0 | _aChristian leadership. | |
| 856 | 4 | 1 |
_3Table of contents _uhttp://www.loc.gov/catdir/toc/fy0804/2007041082.html |
| 906 |
_a7 _bcbc _corignew _d1 _eecip _f20 _gy-gencatlg |
||
| 942 |
_2lcc _cBK |
||
| 999 |
_c21038 _d21037 |
||